[Event "Oxford IM"]
[Site "Oxford"]
[Date "1998.12.14"]
[Round "1"]
[White "Wikstrom, Per"]
[Black "Sheldon, Ruth"]
[Result "1-0"]
[WhiteElo "2195"]
[BlackElo "2220"]
[PlyCount "55"]
[EventDate "1998.12.??"]
[EventType "tourn"]
[EventRounds "9"]
[EventCountry "ENG"]
[EventCategory "2"]
[SourceTitle "EXT 2000"]
[Source "ChessBase"]
[SourceDate "1999.11.16"]
[SourceVersion "1"]
[SourceVersionDate "1999.11.16"]
[SourceQuality "1"]

1. d4 Nf6 2. Nf3 g6 3. Bf4 Bg7 4. e3 0-0 5. h3 c5 6. c3 b6 7. Nbd2 d6 8. a4 Nbd7 9. Be2 Re8 10. Bh2 a6 11. 0-0 Bb7 12. Qb3 e5 13. dxe5 dxe5 14. Rfd1 Qe7 15. Nc4 Bd5 16. e4 Bxe4 17. Nd6 Rf8 18. Ng5 Bf5 19. Bc4 b5 20. axb5 axb5 21. Bxf7+ Kh8 22. Rxa8 Rxa8 23. Bd5 c4 24. Qxb5 Rb8 25. Ndf7+ Kg8 26. Nxe5+ Kh8 27. Nef7+ Kg8 28. Bxb8 1-0

[Event "Wch U20 Girls 16th"]
[Site "Calicut"]
[Date "1998.11.29"]
[Round "12"]
[White "Xu, Yuanyuan"]
[Black "Sheldon, Ruth"]
[Result "1/2-1/2"]
[WhiteElo "2240"]
[BlackElo "2220"]
[PlyCount "106"]
[EventDate "1998.11.17"]
[EventType "swiss"]
[EventRounds "13"]
[EventCountry "IND"]
[SourceTitle "CBM 067 Extra"]
[Source "ChessBase"]
[SourceDate "1999.01.01"]
[SourceVersion "1"]
[SourceVersionDate "1999.01.01"]
[SourceQuality "1"]

1. d4 Nf6 2. c4 g6 3. g3 Bg7 4. Bg2 0-0 5. Nf3 d6 6. 0-0 Nc6 7. d5 Na5 8. Nbd2 c5 9. e4 a6 10. Rb1 b5 11. cxb5 axb5 12. b4 Nc4 13. bxc5 dxc5 14. Qc2 Qa5 15. Nxc4 bxc4 16. Bb2 Qa4 17. Qc3 Bd7 18. Nd2 Rfb8 19. Qxc4 Nxe4 20. Qxa4 Bxa4 21. Bxg7 Nxd2 22. Rxb8+ Rxb8 23. Be5 Nxf1 24. Bxb8 Nd2 25. Ba7 c4 26. Bd4 Nb1 27. Kf1 c3 28. Ke1 Kf8 29. h4 h5 30. Bf1 Ke8 31. Bd3 c2 32. Bb2 Kd7 33. Bc4 Kd6 34. Ke2 Nc3+ 35. Kd3 Nxd5 36. Ba3+ Kc6 37. Bb3 Bxb3 38. axb3 Nf6 39. Kxc2 Ne4 40. Bxe7 Nxf2 41. Bg5 Ne4 42. Bf4 Kd5 43. Kd3 Nc5+ 44. Kc3 f6 45. b4 Ne6 46. Kd3 Nd4 47. Bd2 Nf5 48. Bc3 Ke6 49. b5 Nxg3 50. b6 Kd6 51. Bxf6 Kc6 52. Bd8 Nf5 53. Ke4 Nxh4 1/2-1/2

[Event "Wch U20 Girls 16th"]
[Site "Calicut"]
[Date "1998.11.27"]
[Round "10"]
[White "Kouvatsou, Maria"]
[Black "Sheldon, Ruth"]
[Result "1/2-1/2"]
[WhiteElo "2120"]
[BlackElo "2220"]
[PlyCount "32"]
[EventDate "1998.11.17"]
[EventType "swiss"]
[EventRounds "13"]
[EventCountry "IND"]
[SourceTitle "CBM 067 Extra"]
[Source "ChessBase"]
[SourceDate "1999.01.01"]
[SourceVersion "1"]
[SourceVersionDate "1999.01.01"]
[SourceQuality "1"]

1. e4 c5 2. c3 e6 3. d4 d5 4. exd5 exd5 5. Bd3 Nc6 6. Ne2 cxd4 7. cxd4 Bg4 8. f3 Bh5 9. 0-0 Bd6 10. Bf4 Nge7 11. Nbc3 0-0 12. Kh1 Re8 13. Rc1 Bg6 14. a3 Qb8 15. Bxd6 Qxd6 16. Qd2 Rac8 1/2-1/2